| 000 | 01110nam a2200229 a 4500 | ||
|---|---|---|---|
| 001 | 000045982 | ||
| 005 | 20201002052548.0 | ||
| 008 | 150605s2007 pr ac 000 0 spa d | ||
| 020 | _a0965015440 | ||
| 040 |
_aDO-SdBNP _bspa _cBNPHU |
||
| 082 |
_axxxx _bxxxx |
||
| 100 | 1 |
_aMustelier Ayala, Sandra Ileana, _d1967- _974051 |
|
| 245 | 1 | 3 |
_aEcos boricuas en el oriente cubano : _bLa diáspora de un ala / _cSandra Ileana Mustelier Ayala. |
| 260 |
_aSan Juan, Puerto Rico : _bMakarios, _c2007. |
||
| 300 |
_a224 p. : _bil., retrs. ; _c22 cm. |
||
| 490 | 1 | _aPuertorriqueños en el Caribe | |
| 500 | _aLa biblioteca posee 1 ejemplar autografiado por la autora. | ||
| 500 | _aIncluye datos biográficos de la autora en la solapa de la contracubierta. | ||
| 504 | _aBibliografía : p. 218-224 | ||
| 505 | 0 |
_aRazones de la memoria -- _tGemelas por una historia común, el susurro de los corazones, y el capricho de la mar -- _t"Yo no me siento extranjera : bajo este cielo cubano" -- _t"Pero un día volveré, Puerto Rico del alma" -- _tTestimonios -- _tCitas y notas -- |
|
| 830 | 0 |
_aPuertorriqueños en el Caribe _974052 |
|
| 999 |
_c45471 _d45471 |
||